| 000 | 00927nam a22002177a 4500 | ||
|---|---|---|---|
| 001 | BD-DhSAU 4416 | ||
| 003 | BD-DhSAU | ||
| 005 | 20150418130909.0 | ||
| 008 | 150217b1998 bg a|||| |||| 00| 0 eng d | ||
| 040 | _aBD-DhSAU | ||
| 082 |
_222 _a৬৩২.৯ _bসরফু |
||
| 100 | _aসরকার, সন্তোষ কুমার | ||
| 245 |
_aবসতবাড়ী, গুদাম ও ফসলের সমন্বিত বালাই ব্যবস্থাপনা / _cসন্তোষ কুমার সরকার |
||
| 260 |
_aঢাকা : _bকৃষি সম্প্রসারন অধিদপ্তর , _c১৯৯৮. |
||
| 300 |
_aiv, ৯২ পৃ। : _bচিত্র ; _c২২ সে মি। |
||
| 504 | _a গ্রন্থপঞ্জী | ||
| 590 | _aJerin | ||
| 650 | _aবালাই ব্যবস্থাপনা | ||
| 650 | _aফুল | ||
| 650 | _a ফল | ||
| 942 |
_2ddc _cBOOK |
||
| 999 |
_c4416 _d4416 |
||